Alltag im alten Ägypten : aus d. Ägypten sammlung d. Museums /

محفوظ في:

المؤلف الرئيسي: Kosack, Wolfgang (مؤلف)

مؤلف مشترك: Museum für Völkerkunde der Stadt Freiburg im Breisgau.

التنسيق: كتاب

اللغة: German

منشور في: Freiburg (i. Br.) : Städt. Museen, 1974.

سلاسل: Veröffentlichungen des Museums für Volkerkunde ; 1974/1.

الموضوعات:

الوسوم: إضافة وسم

لا توجد وسوم, كن أول من يضع وسما على هذه التسجيلة!

رقم الطلب: DT59 .F73 K86 1974

LEADER 01141namaa2200265 4500
001 23132
003 OSt
005 20220119113042.0
008 130303s1974 gw af g bc 000 0 ger d
952 |0 0  |1 0  |2 lcc  |4 0  |6 DT0059 F73 K86 01974  |7 1  |9 24406  |a ARCE  |b ARCE  |d 2022-01-19  |l 0  |o DT59 .F73 K86 1974  |p 1022090  |r 2022-01-19 00:00:00  |w 2022-01-19  |y BK 
999 |c 20253  |d 20253 
040 |c ARCE Library 
043 |a f-ua---  |a e-gw--- 
050 4 |a DT59 .F73 K86 1974 
100 1 |a Kosack, Wolfgang,  |e author  |9 34133 
245 1 0 |a Alltag im alten Ägypten :   |b aus d. Ägypten sammlung d. Museums /   |c Wolfgang Kosack ; Museum f. Völkerkunde d. Stadt Freiburg im Breisgau. 
264 1 |a Freiburg (i. Br.) :   |b Städt. Museen,   |c 1974. 
300 |a xvii, 50 pages, [13] leaves of plates :   |b illustrations ;   |c 30 cm. 
490 1 |a Veröffentlichungen des Museums für Volkerkunde ;   |v 1974/1. 
504 |a Bibliography : pages xvi. 
651 0 |a Egypt  |x Antiquities  |v Exhibitions. 
710 2 |a Museum für Völkerkunde der Stadt Freiburg im Breisgau. 
830 0 |a Veröffentlichungen des Museums für Volkerkunde ;   |v 1974/1. 
901 |a reviewed 
942 |c BK  |2 lcc